| 000 | 01009nam a22002777a 4500 | ||
|---|---|---|---|
| 005 | 20130513145821.0 | ||
| 008 | 120412t xxu||||| |||| 00| 0 eng d | ||
| 010 | _aENG-104974 | ||
| 020 |
_a9788120345225 _c350.00 |
||
| 035 | _aEN-88507 | ||
| 035 | _aB-491965 | ||
| 037 | _bDBAD/PUB | ||
| 037 | _bResearcho Books & Periodicals Pvt. Ltd./Ven | ||
| 040 |
_aDPL _bENG |
||
| 082 | _a620.11 | ||
| 100 |
_aSrivastava, A.K. _944976 |
||
| 245 |
_aStrength of materials / _cby A.K. Srivastava [and] P.C. Gope |
||
| 250 | _a2nd ed | ||
| 260 |
_aNew Delhi _bPHI Learning _c2012 |
||
| 270 |
_aM-97, Connaught Circus _bNew Delhi _e110001 |
||
| 300 |
_axviii,394p. : _c24cm(pbk) _bill. |
||
| 500 | _aIncludes index | ||
| 700 |
_aGope, P.C. _944995 |
||
| 942 |
_2ddc _cEN _h620.11 _mSRI |
||
| 999 |
_c64915 _d64915 |
||